[Event "Chessable Masters - Torneo preliminare"]
[White "Alekseenko, Kirill"]
[Black "Kramnik, Vladimir"]
[WhiteFideId "4135539"]
[BlackFideId "4101588"]
[WhiteElo "2632"]
[BlackElo "2756"]
[Result "1-0"]
[Round "2"]
[TimeControl "600+2"]
[Date "2023.03.13"]
[WhiteClock "0:00:24"]
[BlackClock "0:00:03"]

1. e4 {[%clk 0:09:52]}  e5 {[%clk 0:09:58]} 2. Nf3 {[%clk 0:09:52]}  Nc6 {[%clk 0:09:58]} 3. Bc4 {[%clk 0:09:49]}  Nf6 {[%clk 0:09:58]} 4. d3 {[%clk 0:09:50]}  Be7 {[%clk 0:09:58]} 5. Nc3 {[%clk 0:09:35]}  d6 {[%clk 0:09:54]} 6. a4 {[%clk 0:09:34]}  O-O {[%clk 0:09:54]} 7. O-O {[%clk 0:09:35]}  h6 {[%clk 0:09:53]} 8. h3 {[%clk 0:09:28]}  Re8 {[%clk 0:09:54]} 9. Re1 {[%clk 0:09:26]}  Bf8 {[%clk 0:09:52]} 10. a5 {[%clk 0:08:23]}  a6 {[%clk 0:09:48]} 11. Be3 {[%clk 0:08:05]}  Be6 {[%clk 0:09:44]} 12. Bxe6 {[%clk 0:08:04]}  Rxe6 {[%clk 0:09:44]} 13. Nd5 {[%clk 0:08:05]}  Re8 {[%clk 0:08:33]} 14. c4 {[%clk 0:08:00]}  g6 {[%clk 0:07:51]} 15. b4 {[%clk 0:07:14]}  Bg7 {[%clk 0:07:36]} 16. Qd2 {[%clk 0:07:09]}  Kh7 {[%clk 0:07:30]} 17. b5 {[%clk 0:06:59]}  Nxd5 {[%clk 0:06:32]} 18. cxd5 {[%clk 0:06:16]}  Ne7 {[%clk 0:06:19]} 19. Reb1 {[%clk 0:06:12]}  f5 {[%clk 0:06:04]} 20. Qc2 {[%clk 0:06:09]}  axb5 {[%clk 0:05:27]} 21. Rxb5 {[%clk 0:06:06]}  b6 {[%clk 0:05:02]} 22. Bd2 {[%clk 0:05:28]}  Qd7 {[%clk 0:04:55]} 23. Qc4 {[%clk 0:05:22]}  Ra7 {[%clk 0:03:53]} 24. Rab1 {[%clk 0:05:04]}  Nc8 {[%clk 0:03:39]} 25. Qc2 {[%clk 0:04:20]}  f4 {[%clk 0:03:28]} 26. axb6 {[%clk 0:03:40]}  cxb6 {[%clk 0:03:08]} 27. R5b4 {[%clk 0:03:39]}  Rc7 {[%clk 0:02:57]} 28. Rc4 {[%clk 0:03:32]}  Rc5 {[%clk 0:02:24]} 29. Bb4 {[%clk 0:03:25]}  Rxc4 {[%clk 0:02:15]} 30. Qxc4 {[%clk 0:03:05]}  Ne7 {[%clk 0:02:10]} 31. Qa6 {[%clk 0:02:52]}  Rb8 {[%clk 0:02:04]} 32. Qa3 {[%clk 0:02:51]}  Nc8 {[%clk 0:02:00]} 33. Rc1 {[%clk 0:02:49]}  Rb7 {[%clk 0:01:05]} 34. Rc6 {[%clk 0:02:43]}  Rc7 {[%clk 0:01:04]} 35. Qa8 {[%clk 0:02:31]}  Bf6 {[%clk 0:00:47]} 36. Nd2 {[%clk 0:02:08]}  b5 {[%clk 0:00:35]} 37. Nf3 {[%clk 0:01:43]}  Be7 {[%clk 0:00:17]} 38. Ba5 {[%clk 0:01:09]}  Rxc6 {[%clk 0:00:15]} 39. dxc6 {[%clk 0:01:06]}  Qe6 {[%clk 0:00:16]} 40. Qb7 {[%clk 0:01:01]}  g5 {[%clk 0:00:15]} 41. Qd7 {[%clk 0:00:51]}  Qg8 {[%clk 0:00:16]} 42. d4 {[%clk 0:00:47]}  Qf8 {[%clk 0:00:08]} 43. dxe5 {[%clk 0:00:39]}  Kg8 {[%clk 0:00:05]} 44. Qe6+ {[%clk 0:00:38]}  Kh7 {[%clk 0:00:05]} 45. Qd7 {[%clk 0:00:32]}  Kg8 {[%clk 0:00:05]} 46. Bc3 {[%clk 0:00:30]}  dxe5 {[%clk 0:00:04]} 47. Qe6+ {[%clk 0:00:30]}  Kh7 {[%clk 0:00:04]} 48. Nxe5 {[%clk 0:00:31]}  Qe8 {[%clk 0:00:02]} 49. Ng4 {[%clk 0:00:26]}  Qg6 {[%clk 0:00:02]} 50. Qxc8 {[%clk 0:00:25]}  Qxe4 {[%clk 0:00:03]} 51. Qh8+ {[%clk 0:00:24]} 1-0


[Site "Internet"]

[Event "Chessable Masters - Torneo preliminare"]
[White "Chigaev, Maksim"]
[Black "Firouzja, Alireza"]
[WhiteFideId "4108116"]
[BlackFideId "12573981"]
[WhiteElo "2568"]
[BlackElo "2745"]
[Result "0-1"]
[Round "2"]
[TimeControl "600+2"]
[Date "2023.03.13"]
[WhiteClock "0:00:09"]
[BlackClock "0:00:07"]

1. e4 {[%clk 0:10:01]}  c5 {[%clk 0:08:50]} 2. Nf3 {[%clk 0:10:01]}  d6 {[%clk 0:08:45]} 3. d4 {[%clk 0:10:01]}  cxd4 {[%clk 0:08:46]} 4. Nxd4 {[%clk 0:10:03]}  Nf6 {[%clk 0:08:47]} 5. Nc3 {[%clk 0:10:05]}  a6 {[%clk 0:08:48]} 6. h3 {[%clk 0:09:33]}  e5 {[%clk 0:08:31]} 7. Nb3 {[%clk 0:09:31]}  Be7 {[%clk 0:08:25]} 8. Be3 {[%clk 0:09:29]}  Be6 {[%clk 0:08:16]} 9. Qf3 {[%clk 0:09:21]}  O-O {[%clk 0:07:59]} 10. O-O-O {[%clk 0:09:20]}  a5 {[%clk 0:07:59]} 11. Bb5 {[%clk 0:09:09]}  Na6 {[%clk 0:07:43]} 12. a4 {[%clk 0:09:07]}  Rc8 {[%clk 0:07:03]} 13. g4 {[%clk 0:06:54]}  Rxc3 {[%clk 0:07:01]} 14. bxc3 {[%clk 0:06:54]}  Qc7 {[%clk 0:07:01]} 15. Bg5 {[%clk 0:04:34]}  Rc8 {[%clk 0:05:38]} 16. Bxf6 {[%clk 0:03:56]}  Bxf6 {[%clk 0:05:36]} 17. h4 {[%clk 0:03:40]}  Nb4 {[%clk 0:04:58]} 18. Rh3 {[%clk 0:02:13]}  d5 {[%clk 0:04:40]} 19. exd5 {[%clk 0:02:07]}  e4 {[%clk 0:04:29]} 20. Qxe4 {[%clk 0:00:33]}  Na2+ {[%clk 0:04:21]} 21. Kd2 {[%clk 0:00:35]}  Nxc3 {[%clk 0:01:46]} 22. Rxc3 {[%clk 0:00:35]}  Qxc3+ {[%clk 0:01:44]} 23. Ke2 {[%clk 0:00:37]}  Qxc2+ {[%clk 0:01:45]} 24. Qxc2 {[%clk 0:00:30]}  Rxc2+ {[%clk 0:01:46]} 25. Kf3 {[%clk 0:00:31]}  Rc3+ {[%clk 0:01:42]} 26. Kf4 {[%clk 0:00:32]}  Rxb3 {[%clk 0:01:10]} 27. dxe6 {[%clk 0:00:33]}  fxe6 {[%clk 0:01:12]} 28. g5 {[%clk 0:00:27]}  Rb4+ {[%clk 0:01:10]} 29. Kg3 {[%clk 0:00:14]}  Be5+ {[%clk 0:01:09]} 30. Kh3 {[%clk 0:00:16]}  Bd4 {[%clk 0:01:07]} 31. Kg3 {[%clk 0:00:13]}  Kf7 {[%clk 0:01:05]} 32. Rc1 {[%clk 0:00:13]}  Be5+ {[%clk 0:01:06]} 33. Kh3 {[%clk 0:00:15]}  Rf4 {[%clk 0:00:59]} 34. Rc2 {[%clk 0:00:13]}  Ke7 {[%clk 0:00:59]} 35. Re2 {[%clk 0:00:14]}  Bd6 {[%clk 0:00:49]} 36. Rc2 {[%clk 0:00:09]}  h6 {[%clk 0:00:38]} 37. gxh6 {[%clk 0:00:05]}  gxh6 {[%clk 0:00:40]} 38. Re2 {[%clk 0:00:04]}  b6 {[%clk 0:00:24]} 39. Rd2 {[%clk 0:00:06]}  Re4 {[%clk 0:00:21]} 40. f3 {[%clk 0:00:05]}  Rf4 {[%clk 0:00:21]} 41. Rd3 {[%clk 0:00:06]}  Be5 {[%clk 0:00:21]} 42. h5 {[%clk 0:00:05]}  Bf6 {[%clk 0:00:20]} 43. Rd7+ {[%clk 0:00:06]}  Kf8 {[%clk 0:00:21]} 44. Kg3 {[%clk 0:00:08]}  Be5 {[%clk 0:00:20]} 45. Kg2 {[%clk 0:00:08]}  Rh4 {[%clk 0:00:18]} 46. Rb7 {[%clk 0:00:09]}  Bd4 {[%clk 0:00:17]} 47. Bc4 {[%clk 0:00:05]}  Bc5 {[%clk 0:00:11]} 48. Bxe6 {[%clk 0:00:06]}  Rxa4 {[%clk 0:00:12]} 49. Rf7+ {[%clk 0:00:07]}  Ke8 {[%clk 0:00:12]} 50. f4 {[%clk 0:00:09]}  Re4 {[%clk 0:00:12]} 51. f5 {[%clk 0:00:10]}  a4 {[%clk 0:00:08]} 52. Ra7 {[%clk 0:00:10]}  a3 {[%clk 0:00:10]} 53. Kf3 {[%clk 0:00:10]}  Re1 {[%clk 0:00:08]} 54. Kf4 {[%clk 0:00:08]}  b5 {[%clk 0:00:07]} 55. Ra5 {[%clk 0:00:06]}  Bd6+ {[%clk 0:00:08]} 56. Kg4 {[%clk 0:00:07]}  b4 {[%clk 0:00:07]} 57. Ra7 {[%clk 0:00:08]}  Rxe6 {[%clk 0:00:06]} 58. fxe6 {[%clk 0:00:09]}  b3 {[%clk 0:00:07]} 0-1


[Site "Internet"]

[Event "Chessable Masters - Torneo preliminare"]
[White "Lazavik, Denis"]
[Black "Ibarra Jerez, Jose Carlos"]
[WhiteFideId "13515110"]
[BlackFideId "2226332"]
[WhiteElo "2488"]
[BlackElo "2546"]
[Result "1-0"]
[Round "2"]
[TimeControl "600+2"]
[Date "2023.03.13"]
[WhiteClock "0:00:12"]
[BlackClock "0:00:06"]

1. d4 {[%clk 0:10:00]}  Nf6 {[%clk 0:09:59]} 2. c4 {[%clk 0:10:00]}  d6 {[%clk 0:10:00]} 3. Nf3 {[%clk 0:10:00]}  g6 {[%clk 0:09:59]} 4. Nc3 {[%clk 0:10:00]}  Bf5 {[%clk 0:09:59]} 5. Qb3 {[%clk 0:09:37]}  b6 {[%clk 0:09:57]} 6. h3 {[%clk 0:09:33]}  Bg7 {[%clk 0:09:56]} 7. g4 {[%clk 0:09:33]}  Bd7 {[%clk 0:09:56]} 8. e4 {[%clk 0:09:26]}  O-O {[%clk 0:09:51]} 9. Be3 {[%clk 0:09:22]}  Nc6 {[%clk 0:09:31]} 10. d5 {[%clk 0:08:48]}  Na5 {[%clk 0:09:30]} 11. Qc2 {[%clk 0:08:46]}  c5 {[%clk 0:09:24]} 12. Be2 {[%clk 0:08:18]}  a6 {[%clk 0:09:21]} 13. a4 {[%clk 0:08:16]}  e5 {[%clk 0:09:13]} 14. Nd2 {[%clk 0:08:04]}  Ne8 {[%clk 0:09:07]} 15. h4 {[%clk 0:07:21]}  Nc7 {[%clk 0:08:44]} 16. Rb1 {[%clk 0:05:39]}  Nb7 {[%clk 0:08:34]} 17. h5 {[%clk 0:04:06]}  g5 {[%clk 0:08:29]} 18. b4 {[%clk 0:03:56]}  Rb8 {[%clk 0:07:06]} 19. bxc5 {[%clk 0:03:39]}  Nxc5 {[%clk 0:07:04]} 20. a5 {[%clk 0:03:32]}  b5 {[%clk 0:06:32]} 21. O-O {[%clk 0:03:13]}  h6 {[%clk 0:06:03]} 22. f3 {[%clk 0:03:08]}  Bf6 {[%clk 0:05:17]} 23. Rb4 {[%clk 0:02:57]}  Qe7 {[%clk 0:04:23]} 24. Rfb1 {[%clk 0:02:55]}  Rfc8 {[%clk 0:04:24]} 25. Qa2 {[%clk 0:02:44]}  Qe8 {[%clk 0:04:18]} 26. Nb3 {[%clk 0:02:21]}  Be7 {[%clk 0:04:16]} 27. Qa3 {[%clk 0:02:14]}  Qd8 {[%clk 0:04:00]} 28. Nd2 {[%clk 0:02:10]}  Qe8 {[%clk 0:03:53]} 29. Qb2 {[%clk 0:02:05]}  Bd8 {[%clk 0:03:39]} 30. Qa2 {[%clk 0:01:56]}  Be7 {[%clk 0:03:14]} 31. R1b2 {[%clk 0:01:54]}  Bd8 {[%clk 0:03:11]} 32. cxb5 {[%clk 0:01:32]}  axb5 {[%clk 0:03:09]} 33. Nc4 {[%clk 0:01:31]}  N5a6 {[%clk 0:02:57]} 34. Nxd6 {[%clk 0:00:58]}  Nxb4 {[%clk 0:02:57]} 35. Qb3 {[%clk 0:00:45]}  Qf8 {[%clk 0:02:49]} 36. Nxc8 {[%clk 0:00:47]}  Rxc8 {[%clk 0:00:53]} 37. Qxb4 {[%clk 0:00:47]}  Qxb4 {[%clk 0:00:30]} 38. Rxb4 {[%clk 0:00:47]}  Na6 {[%clk 0:00:30]} 39. Rb3 {[%clk 0:00:47]}  Bxa5 {[%clk 0:00:32]} 40. Nxb5 {[%clk 0:00:43]}  Rc2 {[%clk 0:00:28]} 41. Bd3 {[%clk 0:00:18]}  Ra2 {[%clk 0:00:20]} 42. Nd6 {[%clk 0:00:16]}  Nb4 {[%clk 0:00:16]} 43. Bb1 {[%clk 0:00:17]}  Ra1 {[%clk 0:00:10]} 44. Kg2 {[%clk 0:00:13]}  Ba4 {[%clk 0:00:09]} 45. Rb2 {[%clk 0:00:14]}  Ra3 {[%clk 0:00:09]} 46. Bc5 {[%clk 0:00:15]}  Rb3 {[%clk 0:00:03]} 47. Rxb3 {[%clk 0:00:16]}  Bxb3 {[%clk 0:00:05]} 48. Nb7 {[%clk 0:00:17]}  Na6 {[%clk 0:00:04]} 49. Bd6 {[%clk 0:00:11]}  Bc3 {[%clk 0:00:05]} 50. Bd3 {[%clk 0:00:09]}  Nb4 {[%clk 0:00:06]} 51. Be2 {[%clk 0:00:10]}  Nc2 {[%clk 0:00:07]} 52. Nc5 {[%clk 0:00:11]}  Bd4 {[%clk 0:00:06]} 53. Nxb3 {[%clk 0:00:12]} 1-0


[Site "Internet"]

[Event "Chessable Masters - Torneo preliminare"]
[White "Van Foreest, Jorden"]
[Black "Svidler, Peter"]
[WhiteFideId "1039784"]
[BlackFideId "4102142"]
[WhiteElo "2682"]
[BlackElo "2752"]
[Result "1/2-1/2"]
[Round "2"]
[TimeControl "600+2"]
[Date "2023.03.13"]
[WhiteClock "0:03:19"]
[BlackClock "0:03:54"]

1. e4 {[%clk 0:09:48]}  e5 {[%clk 0:09:47]} 2. Nf3 {[%clk 0:09:47]}  Nc6 {[%clk 0:09:48]} 3. Bb5 {[%clk 0:09:47]}  a6 {[%clk 0:09:49]} 4. Ba4 {[%clk 0:09:48]}  Nf6 {[%clk 0:09:50]} 5. O-O {[%clk 0:09:46]}  Be7 {[%clk 0:09:48]} 6. d3 {[%clk 0:09:45]}  b5 {[%clk 0:09:43]} 7. Bb3 {[%clk 0:09:45]}  d6 {[%clk 0:09:45]} 8. c3 {[%clk 0:09:43]}  O-O {[%clk 0:09:44]} 9. Re1 {[%clk 0:09:44]}  h6 {[%clk 0:09:04]} 10. Nbd2 {[%clk 0:09:30]}  Re8 {[%clk 0:08:50]} 11. a4 {[%clk 0:09:12]}  Bd7 {[%clk 0:08:43]} 12. Nf1 {[%clk 0:09:05]}  Na5 {[%clk 0:08:32]} 13. Bc2 {[%clk 0:09:04]}  c5 {[%clk 0:08:33]} 14. h3 {[%clk 0:08:39]}  Nc6 {[%clk 0:08:21]} 15. Ne3 {[%clk 0:08:22]}  b4 {[%clk 0:07:48]} 16. Bb3 {[%clk 0:07:41]}  Na5 {[%clk 0:07:41]} 17. Ba2 {[%clk 0:07:41]}  Rb8 {[%clk 0:07:40]} 18. Nd2 {[%clk 0:07:42]}  Bf8 {[%clk 0:07:26]} 19. Ndc4 {[%clk 0:07:36]}  Be6 {[%clk 0:07:14]} 20. Nxa5 {[%clk 0:07:21]}  Qxa5 {[%clk 0:07:13]} 21. Bxe6 {[%clk 0:07:20]}  Rxe6 {[%clk 0:07:14]} 22. Bd2 {[%clk 0:07:19]}  bxc3 {[%clk 0:06:57]} 23. Bxc3 {[%clk 0:06:47]}  Qd8 {[%clk 0:06:52]} 24. Qf3 {[%clk 0:06:35]}  g6 {[%clk 0:06:31]} 25. Rab1 {[%clk 0:06:13]}  Qd7 {[%clk 0:05:45]} 26. b3 {[%clk 0:05:47]}  Bg7 {[%clk 0:05:34]} 27. Rb2 {[%clk 0:05:39]}  Ree8 {[%clk 0:05:33]} 28. Reb1 {[%clk 0:05:36]}  Rb7 {[%clk 0:05:14]} 29. Nc4 {[%clk 0:05:30]}  Qe6 {[%clk 0:05:03]} 30. b4 {[%clk 0:04:43]}  Nxe4 {[%clk 0:04:14]} 31. Qxe4 {[%clk 0:04:23]}  d5 {[%clk 0:04:14]} 32. Qf3 {[%clk 0:04:19]}  e4 {[%clk 0:04:15]} 33. dxe4 {[%clk 0:04:20]}  dxe4 {[%clk 0:04:15]} 34. Qe3 {[%clk 0:04:02]}  Qxc4 {[%clk 0:04:15]} 35. Bxg7 {[%clk 0:04:03]}  Kxg7 {[%clk 0:04:16]} 36. Qxc5 {[%clk 0:03:35]}  Qxc5 {[%clk 0:04:06]} 37. bxc5 {[%clk 0:03:35]}  Rxb2 {[%clk 0:04:08]} 38. Rxb2 {[%clk 0:03:36]}  Rc8 {[%clk 0:04:10]} 39. Rb4 {[%clk 0:03:19]}  Rxc5 {[%clk 0:03:56]} 40. Rxe4 {[%clk 0:03:19]}  Rc1+ {[%clk 0:03:54]} 41. Kh2 {[%clk 0:03:19]} 1/2-1/2


[Site "Internet"]

[Event "Chessable Masters - Torneo preliminare"]
[White "Salem, A.R. Saleh"]
[Black "Sychev, Klementy"]
[WhiteFideId "9301348"]
[BlackFideId "4114060"]
[WhiteElo "2654"]
[BlackElo "2484"]
[Result "1-0"]
[Round "2"]
[TimeControl "600+2"]
[Date "2023.03.13"]
[WhiteClock "0:01:22"]
[BlackClock "0:00:10"]

1. d3 {[%clk 0:08:53]}  d5 {[%clk 0:09:41]} 2. Nf3 {[%clk 0:08:53]}  Nc6 {[%clk 0:09:32]} 3. d4 {[%clk 0:08:51]}  Bf5 {[%clk 0:09:26]} 4. g3 {[%clk 0:08:52]}  e6 {[%clk 0:09:18]} 5. Bg2 {[%clk 0:08:52]}  h5 {[%clk 0:09:11]} 6. h4 {[%clk 0:08:47]}  Nf6 {[%clk 0:09:10]} 7. O-O {[%clk 0:08:46]}  Ne4 {[%clk 0:09:08]} 8. c4 {[%clk 0:08:27]}  Be7 {[%clk 0:09:03]} 9. Nc3 {[%clk 0:08:26]}  Qd7 {[%clk 0:08:46]} 10. Bf4 {[%clk 0:08:19]}  O-O {[%clk 0:06:44]} 11. Ne5 {[%clk 0:07:07]}  Nxe5 {[%clk 0:06:38]} 12. dxe5 {[%clk 0:07:09]}  Rfd8 {[%clk 0:05:41]} 13. cxd5 {[%clk 0:06:37]}  Nxc3 {[%clk 0:05:16]} 14. bxc3 {[%clk 0:06:38]}  exd5 {[%clk 0:05:18]} 15. Qb3 {[%clk 0:06:05]}  Qc6 {[%clk 0:04:53]} 16. Rfd1 {[%clk 0:05:29]}  Be4 {[%clk 0:04:53]} 17. Bxe4 {[%clk 0:05:06]}  dxe4 {[%clk 0:04:55]} 18. c4 {[%clk 0:04:45]}  a6 {[%clk 0:04:51]} 19. a4 {[%clk 0:04:37]}  b6 {[%clk 0:04:47]} 20. Rd5 {[%clk 0:04:32]}  Bc5 {[%clk 0:02:27]} 21. Rad1 {[%clk 0:04:28]}  Qe8 {[%clk 0:02:22]} 22. Qc2 {[%clk 0:04:15]}  e3 {[%clk 0:02:20]} 23. f3 {[%clk 0:04:06]}  c6 {[%clk 0:02:14]} 24. R5d3 {[%clk 0:03:40]}  Rac8 {[%clk 0:02:11]} 25. Kg2 {[%clk 0:03:35]}  Ra8 {[%clk 0:01:58]} 26. Qc3 {[%clk 0:03:09]}  Rxd3 {[%clk 0:01:32]} 27. Rxd3 {[%clk 0:03:11]}  Qe6 {[%clk 0:01:31]} 28. Bxe3 {[%clk 0:03:04]}  Bxe3 {[%clk 0:01:28]} 29. Rxe3 {[%clk 0:03:06]}  b5 {[%clk 0:01:23]} 30. Rd3 {[%clk 0:02:08]}  Re8 {[%clk 0:01:08]} 31. f4 {[%clk 0:02:07]}  Qf5 {[%clk 0:00:19]} 32. Rd6 {[%clk 0:02:05]}  Qe4+ {[%clk 0:00:17]} 33. Qf3 {[%clk 0:02:06]}  Qxc4 {[%clk 0:00:18]} 34. axb5 {[%clk 0:02:01]}  cxb5 {[%clk 0:00:19]} 35. Rxa6 {[%clk 0:01:55]}  b4 {[%clk 0:00:20]} 36. Rb6 {[%clk 0:01:55]}  Qc5 {[%clk 0:00:18]} 37. Rb7 {[%clk 0:01:55]}  g6 {[%clk 0:00:16]} 38. Qe4 {[%clk 0:01:41]}  Re6 {[%clk 0:00:03]} 39. Rb8+ {[%clk 0:01:32]}  Kg7 {[%clk 0:00:04]} 40. Qa8 {[%clk 0:01:33]}  Qc6+ {[%clk 0:00:04]} 41. Qxc6 {[%clk 0:01:35]}  Rxc6 {[%clk 0:00:05]} 42. Rxb4 {[%clk 0:01:37]}  Rc3 {[%clk 0:00:06]} 43. Rb7 {[%clk 0:01:36]}  Kf8 {[%clk 0:00:07]} 44. Kf2 {[%clk 0:01:37]}  Kg8 {[%clk 0:00:07]} 45. Rb6 {[%clk 0:01:38]}  Kg7 {[%clk 0:00:07]} 46. e3 {[%clk 0:01:38]}  Kf8 {[%clk 0:00:08]} 47. Kf3 {[%clk 0:01:37]}  Rc1 {[%clk 0:00:09]} 48. e6 {[%clk 0:01:22]}  f5 {[%clk 0:00:10]} 49. e7+ {[%clk 0:01:22]} 1-0


[Site "Internet"]

[Event "Chessable Masters - Torneo preliminare"]
[White "Rasulov, Vugar"]
[Black "Fedoseev, Vladimir"]
[WhiteFideId "13402390"]
[BlackFideId "24130737"]
[WhiteElo "2415"]
[BlackElo "2752"]
[Result "0-1"]
[Round "2"]
[TimeControl "600+2"]
[Date "2023.03.13"]
[WhiteClock "0:00:19"]
[BlackClock "0:01:19"]

1. e4 {[%clk 0:10:01]}  c6 {[%clk 0:09:45]} 2. d4 {[%clk 0:09:56]}  d5 {[%clk 0:09:46]} 3. exd5 {[%clk 0:09:57]}  cxd5 {[%clk 0:09:46]} 4. Bd3 {[%clk 0:09:58]}  Nf6 {[%clk 0:09:43]} 5. c3 {[%clk 0:09:53]}  Bg4 {[%clk 0:09:43]} 6. Qb3 {[%clk 0:09:35]}  Qc7 {[%clk 0:09:39]} 7. h3 {[%clk 0:09:32]}  Bd7 {[%clk 0:09:38]} 8. Nf3 {[%clk 0:08:02]}  Nc6 {[%clk 0:09:36]} 9. O-O {[%clk 0:07:49]}  e6 {[%clk 0:09:22]} 10. Re1 {[%clk 0:06:54]}  h6 {[%clk 0:09:21]} 11. Ne5 {[%clk 0:06:39]}  Bd6 {[%clk 0:08:51]} 12. Bf4 {[%clk 0:06:25]}  g5 {[%clk 0:08:14]} 13. Nxd7 {[%clk 0:06:06]}  Qxd7 {[%clk 0:08:05]} 14. Bxd6 {[%clk 0:05:52]}  Qxd6 {[%clk 0:08:07]} 15. Qxb7 {[%clk 0:05:44]}  Rb8 {[%clk 0:07:48]} 16. Qa6 {[%clk 0:05:43]}  Rxb2 {[%clk 0:06:41]} 17. Bb5 {[%clk 0:04:42]}  O-O {[%clk 0:06:40]} 18. Bxc6 {[%clk 0:04:34]}  Rb6 {[%clk 0:05:44]} 19. Qxa7 {[%clk 0:04:24]}  Qxc6 {[%clk 0:05:43]} 20. Nd2 {[%clk 0:04:15]}  Rb2 {[%clk 0:05:23]} 21. Nf3 {[%clk 0:03:50]}  Ne4 {[%clk 0:05:09]} 22. Rab1 {[%clk 0:03:31]}  Qxc3 {[%clk 0:04:48]} 23. Rxb2 {[%clk 0:03:23]}  Qxb2 {[%clk 0:04:47]} 24. Rf1 {[%clk 0:03:24]}  h5 {[%clk 0:02:32]} 25. Ne5 {[%clk 0:02:58]}  Kg7 {[%clk 0:02:22]} 26. a4 {[%clk 0:02:52]}  g4 {[%clk 0:02:03]} 27. hxg4 {[%clk 0:02:50]}  hxg4 {[%clk 0:02:04]} 28. Nxg4 {[%clk 0:02:39]}  Nc3 {[%clk 0:02:01]} 29. g3 {[%clk 0:01:27]}  Qe2 {[%clk 0:02:01]} 30. Qc7 {[%clk 0:01:13]}  Qf3 {[%clk 0:02:00]} 31. Qe5+ {[%clk 0:01:11]}  f6 {[%clk 0:02:01]} 32. Nxf6 {[%clk 0:00:57]}  Rxf6 {[%clk 0:01:46]} 33. Kh2 {[%clk 0:00:29]}  Ne4 {[%clk 0:01:24]} 34. a5 {[%clk 0:00:20]}  Kh7 {[%clk 0:01:15]} 35. Qc7+ {[%clk 0:00:20]}  Rf7 {[%clk 0:01:17]} 36. Qe5 {[%clk 0:00:18]}  Rf5 {[%clk 0:01:18]} 37. Qc7+ {[%clk 0:00:19]}  Kg6 {[%clk 0:01:19]} 0-1


[Site "Internet"]

[Event "Chessable Masters - Torneo preliminare"]
[White "Praggnanandhaa, R"]
[Black "Sourath, Biswas"]
[WhiteFideId "25059530"]
[BlackFideId "35091484"]
[WhiteElo "2587"]
[BlackElo "2138"]
[Result "1-0"]
[Round "2"]
[TimeControl "600+2"]
[Date "2023.03.13"]
[WhiteClock "0:00:06"]
[BlackClock "0:00:12"]

1. Nf3 {[%clk 0:10:00]}  Nf6 {[%clk 0:10:01]} 2. g3 {[%clk 0:10:00]}  g6 {[%clk 0:10:02]} 3. b3 {[%clk 0:10:00]}  Bg7 {[%clk 0:10:04]} 4. Bb2 {[%clk 0:10:02]}  O-O {[%clk 0:10:05]} 5. Bg2 {[%clk 0:10:03]}  d6 {[%clk 0:10:07]} 6. d4 {[%clk 0:10:04]}  c5 {[%clk 0:10:09]} 7. O-O {[%clk 0:09:48]}  Nc6 {[%clk 0:10:06]} 8. d5 {[%clk 0:09:41]}  Na5 {[%clk 0:10:07]} 9. Nfd2 {[%clk 0:09:03]}  e6 {[%clk 0:09:45]} 10. e4 {[%clk 0:08:18]}  exd5 {[%clk 0:09:41]} 11. exd5 {[%clk 0:08:18]}  Bg4 {[%clk 0:09:31]} 12. Qc1 {[%clk 0:08:18]}  b5 {[%clk 0:09:12]} 13. c4 {[%clk 0:08:06]}  Rb8 {[%clk 0:08:47]} 14. cxb5 {[%clk 0:08:03]}  Be2 {[%clk 0:08:45]} 15. Re1 {[%clk 0:08:03]}  Bxb5 {[%clk 0:08:46]} 16. Nc3 {[%clk 0:08:04]}  Bd3 {[%clk 0:08:45]} 17. Nde4 {[%clk 0:07:25]}  c4 {[%clk 0:08:27]} 18. Nxf6+ {[%clk 0:06:59]}  Bxf6 {[%clk 0:08:29]} 19. Qd2 {[%clk 0:06:50]}  Bf5 {[%clk 0:08:19]} 20. b4 {[%clk 0:04:42]}  Rxb4 {[%clk 0:07:49]} 21. Rac1 {[%clk 0:04:41]}  Bg5 {[%clk 0:07:20]} 22. Re3 {[%clk 0:04:10]}  Bxe3 {[%clk 0:05:49]} 23. fxe3 {[%clk 0:04:05]}  Bd3 {[%clk 0:04:29]} 24. Nd1 {[%clk 0:03:43]}  Rb5 {[%clk 0:03:07]} 25. Nf2 {[%clk 0:03:18]}  Bf5 {[%clk 0:01:53]} 26. g4 {[%clk 0:02:55]}  Bd3 {[%clk 0:01:26]} 27. Bd4 {[%clk 0:02:48]}  Nb7 {[%clk 0:00:21]} 28. Nxd3 {[%clk 0:01:59]}  cxd3 {[%clk 0:00:23]} 29. Qxd3 {[%clk 0:02:01]}  a6 {[%clk 0:00:24]} 30. a4 {[%clk 0:01:46]}  Rb4 {[%clk 0:00:25]} 31. Qxa6 {[%clk 0:01:22]}  Nc5 {[%clk 0:00:25]} 32. Bxc5 {[%clk 0:00:58]}  dxc5 {[%clk 0:00:22]} 33. h3 {[%clk 0:01:00]}  Qe7 {[%clk 0:00:18]} 34. e4 {[%clk 0:00:56]}  Qg5 {[%clk 0:00:18]} 35. Qf1 {[%clk 0:00:42]}  Rxa4 {[%clk 0:00:15]} 36. Kh1 {[%clk 0:00:42]}  Rc8 {[%clk 0:00:14]} 37. Rc2 {[%clk 0:00:37]}  c4 {[%clk 0:00:15]} 38. d6 {[%clk 0:00:37]}  c3 {[%clk 0:00:09]} 39. Qd1 {[%clk 0:00:21]}  Rac4 {[%clk 0:00:07]} 40. Qd3 {[%clk 0:00:17]}  R4c6 {[%clk 0:00:06]} 41. e5 {[%clk 0:00:17]}  Rc5 {[%clk 0:00:05]} 42. e6 {[%clk 0:00:13]}  fxe6 {[%clk 0:00:06]} 43. d7 {[%clk 0:00:06]}  Rd8 {[%clk 0:00:08]} 44. Qd6 {[%clk 0:00:08]}  Qe5 {[%clk 0:00:08]} 45. Qe7 {[%clk 0:00:08]}  Qc7 {[%clk 0:00:10]} 46. Rf2 {[%clk 0:00:09]}  Qxd7 {[%clk 0:00:10]} 47. Qxc5 {[%clk 0:00:03]}  Qd1+ {[%clk 0:00:11]} 48. Rf1 {[%clk 0:00:03]}  Qd4 {[%clk 0:00:11]} 49. Rf8+ {[%clk 0:00:03]}  Kg7 {[%clk 0:00:11]} 50. Qe7+ {[%clk 0:00:04]}  Kh6 {[%clk 0:00:12]} 51. Qh4+ {[%clk 0:00:06]} 1-0


[Site "Internet"]